000 00571nam a2200193Ia 4500
003 GCL
008 140319s9999 xx 000 0 ara d
040 _aGCL /
_cGCL
082 0 4 _a551.48
_bم ا
100 1 _aمحمد ابوالعلا محمد
245 1 0 _aمشكلات المياة فى الشرق الاوسط /
_cمحمد ابوالعلا محمد
300 _a190 ص
490 _a
650 0 4 _aمشكلة المياه
650 0 4 _aمصادر المياه
650 0 4 _aالمياه
650 0 4 _aالشرق الاوسط - المياه
942 _2ddc
_cBK
999 _c45487
_d45487